| 000 | 00551cam a2200169 a 4500 | ||
|---|---|---|---|
| 020 | _a0471581283 (cloth) | ||
| 082 | 0 | 0 |
_a620.11 _bCAL _cL-37,P-138 |
| 100 | 1 |
_aCallister, William D., _940724 |
|
| 245 | 1 | 0 |
_aMaterials science and engineering : _ban introduction / _cWilliam D. Callister, Jr. |
| 250 | _a3rd ed. | ||
| 260 |
_aNew York : _bWiley, _cc1994. |
||
| 300 |
_axx, 811 p. : _bill. ; _c26 cm. + _e2 computer disks (3 1/2 in.) |
||
| 526 |
_a0 _b0 _c0 _d620_110000000000000_CAL |
||
| 650 | 0 |
_aMaterials. _91466 |
|
| 650 | 0 |
_aMCE _9379 |
|
| 942 |
_2ddc _cBK |
||
| 999 |
_c544980 _d544980 |
||